Folklore chileno

Сохранить в:
Библиографические подробности
Главный автор: Plath, Oreste (Автор)
Формат:
Язык:испанский
Опубликовано: Santiago Nascimento 1969
Редактирование:3a. ed
Предметы:
Метки: Добавить метку
Нет меток, Требуется 1-ая метка записи!

MARC

LEADER 00000nam a2200000 a 4500
001 UCZ0778
003 CL-VaPUC
008 950809e19690000CL |||||||||||||||||spa|d
082 0 4 |a 398.2  |b PLA  |2 21 
100 0 |a Plath, Oreste  |e author  |9 330038 
245 1 0 |a Folklore chileno 
250 |a 3a. ed 
300 |a 390 p 
942 |c BK 
945 |d 19950809 00:00:00  |a cmena 
260 |a Santiago  |b Nascimento  |c 1969 
650 7 |a FOLKLORE  |2 CL-VaPUC  |9 268291 
650 0 |a Literatura folklórica  |9 306605 
650 0 |a Costumbres y tradiciones   |9 268292 
650 0 |a Cuentos de hadas  |9 308782 
650 0 |a Antropología cultural y social   |9 265143 
651 7 |a CHILE  |2 CL-VaPUC  |9 344044 
583 |a last modification  |c 19950809 00:00:00  |k Rodrigo Vera 
999 |c 237684  |d 237682 
952 |0 0  |1 0  |4 0  |6 398_200000000000000_PLA_1969  |7 0  |8 A  |9 247282  |a BIBEDU  |b BIBEDU  |d 2019-11-18  |i 1555200  |o 398.2 PLA 1969  |p 1555200  |r 2019-11-18  |w 2019-11-18  |y BK  |k EDU